Most appearances for England - Statistics

General Stats
  • This quiz has been taken 17 times
  • The average score is 18 of 25
Answer Stats
Answer % Correct
Bobby Charlton
100%
Bobby Moore
100%
Wayne Rooney
100%
David Beckham
94%
Frank Lampard
94%
Gary Neville
94%
Steven Gerrard
94%
Ashley Cole
88%
Harry Kane
88%
John Terry
88%
Gary Lineker
82%
Michael Owen
82%
Peter Shilton
82%
Rio Ferdinand
82%
John Stones
59%
Jordan Henderson
59%
Raheem Sterling
59%
Billy Wright
53%
Kyle Walker
53%
Bryan Robson
41%
Terry Butcher
41%
John Barnes
35%
Ray Wilkins
35%
Kenny Sansom
24%
Stuart Pearce
24%
No matching quizzes found
Score Distribution
Percent of People with Each Score
Percentile by Number Answered
Your Score History
You have not taken this quiz